[Event "Regionalliga NW 0708"]
[Site "Bayern"]
[Date "2008.01.20"]
[Round "5.7"]
[White "Hanft, Michael"]
[Black "Bastian, Holger"]
[Result "1-0"]
[WhiteElo "1970"]
[BlackElo "1775"]
[PlyCount "74"]
[EventDate "2007.10.21"]
[EventType "team-tourn"]
[EventRounds "9"]
[EventCountry "GER"]
[SourceTitle "EXT 2009"]
[Source "ChessBase"]
[SourceDate "2008.11.26"]
[SourceVersion "1"]
[SourceVersionDate "2008.11.26"]
[SourceQuality "1"]
[WhiteTeam "Kitzingen"]
[BlackTeam "Schweinheim"]
[WhiteTeamCountry "GER"]
[BlackTeamCountry "GER"]

1. d4 Nf6 2. c4 g6 3. Nc3 Bg7 4. e4 d6 5. f3 0-0 6. Be3 c5 7. dxc5 dxc5 8. Qxd8 Rxd8 9. Bxc5 Nc6 10. Ba3 Be6 11. Nd5 Nd7 12. Ne2 Nde5 13. Nec3 Rac8 14. Bxe7 Re8 15. Bf6 Nd4 16. 0-0-0 Nec6 17. Bxg7 Kxg7 18. Kb1 f5 19. Bd3 Ne5 20. b3 Nxd3 21. Rxd3 Nc6 22. Nf4 fxe4 23. Nxe6+ Rxe6 24. Rd7+ Re7 25. Rxe7+ Nxe7 26. Nxe4 Rd8 27. Kc1 Rd7 28. Nc5 Rd6 29. Nxb7 Ra6 30. Kb2 Nc6 31. Rd1 Rb6 32. Nc5 Ne5 33. Kc3 Rc6 34. Rd5 Nf7 35. Ne4 Rc7 36. b4 Nh6 37. Nd6 Ng8 1-0

[Event "Regionalliga NW 0607"]
[Site "Bayern"]
[Date "2006.12.10"]
[Round "4.8"]
[White "Wuest, Michael"]
[Black "Bastian, Holger"]
[Result "0-1"]
[WhiteElo "1908"]
[BlackElo "1716"]
[PlyCount "44"]
[EventDate "2006.10.15"]
[EventType "team-tourn"]
[EventRounds "9"]
[EventCountry "GER"]
[SourceTitle "EXT 2008"]
[Source "ChessBase"]
[SourceDate "2007.11.25"]
[SourceVersion "1"]
[SourceVersionDate "2007.11.25"]
[SourceQuality "1"]
[WhiteTeam "Hof"]
[BlackTeam "Schweinheim"]
[WhiteTeamCountry "GER"]
[BlackTeamCountry "GER"]

1. e4 d6 2. d4 Nf6 3. Nc3 g6 4. g3 Bg7 5. Bg2 0-0 6. Nge2 e5 7. h3 Nc6 8. Be3 exd4 9. Nxd4 Ne5 10. 0-0 Nc4 11. Bc1 Re8 12. Re1 Be6 13. Bf1 Ne5 14. f4 Ned7 15. f5 gxf5 16. exf5 Bd5 17. Rxe8+ Qxe8 18. Ndb5 Be4 19. Bf4 Qd8 20. g4 c6 21. Nxd6 Qb6+ 22. Kh2 Qf2+ 0-1